000 00494nam a22001817a 4500
003 SISC
005 20160302132123.0
008 130829t xxu||||| |||| 00| 0 eng d
020 _a9780572014117
050 _aPZ 7
_b.T445 1987
082 _aHS 808.8
_bT34 1987
245 _aA third of 101 school assembly stories /
260 _aNew York :
_bW. Foulsman & co. Limited,
_c1987.
300 _a157 p. ;
_c25 cm.
650 _aLiterature
_xcollections
_915117
942 _2lcc
_cBK
999 _c9806
_d9806